Legacies of Space and Intangible Heritage (Record no. 353102)
[ view plain ]
| 000 -LEADER | |
|---|---|
| fixed length control field | 00744nam a2200121Ia 4500 |
| 008 - FIXED-LENGTH DATA ELEMENTS--GENERAL INFORMATION | |
| fixed length control field | 171212s9999 xx 000 0 und d |
| 020 ## - INTERNATIONAL STANDARD BOOK NUMBER | |
| International Standard Book Number | 9781607325710 |
| 245 ## - TITLE STATEMENT | |
| Statement of responsibility, etc | editor Armstrong-Fumero, Fernando;Gutierrez, Julio Hoil |
| Title | Legacies of Space and Intangible Heritage |
| Remainder of title | Archaeology, Ethnohistory, and the Politics of Cultural Continuity in the Americas |
| 260 ## - PUBLICATION, DISTRIBUTION, ETC. (IMPRINT) | |
| Name of publisher, distributor, etc | University Press of Colorado |
| Date of publication, distribution, etc | 2017 |
| 650 ## - SUBJECT ADDED ENTRY--TOPICAL TERM | |
| Topical term or geographic name as entry element | Anthropology |
| 650 ## - SUBJECT ADDED ENTRY--TOPICAL TERM | |
| Topical term or geographic name as entry element | Cultural landscapes -- America -- Case studies; Cultural property -- Protection -- America -- Case studies; Cultural property -- America -- Management -- Case studies; Historic sites -- Conservation and restoration -- America -- Case studies; Historic sit |
| 856 ## - ELECTRONIC LOCATION AND ACCESS | |
| Uniform Resource Identifier | <a href="http://jstor.org/stable/j.ctt1mmfthq">http://jstor.org/stable/j.ctt1mmfthq</a> |
| Withdrawn status | Lost status | Damaged status | Home library | Current library | Date acquired | Total Checkouts | Full call number | Date last seen | Price effective from | Koha item type |
|---|---|---|---|---|---|---|---|---|---|---|
| College Library | College Library | 12/12/2017 | GF500 .L44 2017 | 12/12/2017 | 12/12/2017 | Curriculum - Based eBooks |